<?xml version="1.0" encoding="UTF-8"?>
<record
    xmlns:xsi="http://www.w3.org/2001/XMLSchema-instance"
    xsi:schemaLocation="http://www.loc.gov/MARC21/slim http://www.loc.gov/standards/marcxml/schema/MARC21slim.xsd"
    xmlns="http://www.loc.gov/MARC21/slim">

  <leader>01558nam a2200517 a 4500</leader>
  <controlfield tag="005">20240506103838.0</controlfield>
  <controlfield tag="008">100302t2014    mx al. f |||| 001 0 spa d</controlfield>
  <datafield tag="020" ind1=" " ind2=" ">
    <subfield code="a">9786079356231</subfield>
  </datafield>
  <datafield tag="041" ind1=" " ind2=" ">
    <subfield code="a">spa</subfield>
  </datafield>
  <datafield tag="092" ind1=" " ind2=" ">
    <subfield code="c">611.018</subfield>
    <subfield code="l">28</subfield>
    <subfield code="s">GEN</subfield>
  </datafield>
  <datafield tag="245" ind1=" " ind2=" ">
    <subfield code="a">Geneser. </subfield>
    <subfield code="b">Histolog&#xED;a /</subfield>
    <subfield code="c">Finn Geneser</subfield>
  </datafield>
  <datafield tag="250" ind1=" " ind2=" ">
    <subfield code="a">4a ed.</subfield>
    <subfield code="b">Traducci&#xF3;n Karen Mikkelsen</subfield>
  </datafield>
  <datafield tag="260" ind1=" " ind2=" ">
    <subfield code="a">M&#xE9;xico: </subfield>
    <subfield code="b">Editorial M&#xE9;dica Panamericana;</subfield>
    <subfield code="c">2014.</subfield>
  </datafield>
  <datafield tag="300" ind1=" " ind2=" ">
    <subfield code="a">768 p.</subfield>
    <subfield code="c">28 cm.</subfield>
  </datafield>
  <datafield tag="500" ind1=" " ind2=" ">
    <subfield code="a">Geneser, F. et al. (2014). Geneser. Histolog&#xED;a. (4a ed.). M&#xE9;xico : Editorial M&#xE9;dica Panamericana.</subfield>
  </datafield>
  <datafield tag="653" ind1=" " ind2=" ">
    <subfield code="a">M&#xE9;todos histol&#xF3;gicos</subfield>
  </datafield>
  <datafield tag="653" ind1=" " ind2=" ">
    <subfield code="a">Citoplasma</subfield>
  </datafield>
  <datafield tag="653" ind1=" " ind2=" ">
    <subfield code="a">N&#xFA;cleo celular</subfield>
  </datafield>
  <datafield tag="653" ind1=" " ind2="3">
    <subfield code="a">De c&#xE9;lulas a tejido</subfield>
  </datafield>
  <datafield tag="653" ind1=" " ind2=" ">
    <subfield code="a">Epitelio</subfield>
  </datafield>
  <datafield tag="653" ind1=" " ind2=" ">
    <subfield code="a">Gl&#xE1;ndulas y secreci&#xF3;n</subfield>
  </datafield>
  <datafield tag="653" ind1=" " ind2=" ">
    <subfield code="a">Tejido conectivo</subfield>
  </datafield>
  <datafield tag="653" ind1=" " ind2=" ">
    <subfield code="a">Tejido adiposo</subfield>
  </datafield>
  <datafield tag="653" ind1=" " ind2=" ">
    <subfield code="a">Sangre</subfield>
  </datafield>
  <datafield tag="653" ind1=" " ind2=" ">
    <subfield code="a">M&#xE9;dula &#xF3;sea</subfield>
  </datafield>
  <datafield tag="653" ind1=" " ind2=" ">
    <subfield code="a">Tejido esquel&#xE9;tico</subfield>
  </datafield>
  <datafield tag="653" ind1=" " ind2=" ">
    <subfield code="a">Tejido muscular</subfield>
  </datafield>
  <datafield tag="653" ind1=" " ind2=" ">
    <subfield code="a">Tejido nervioso</subfield>
  </datafield>
  <datafield tag="653" ind1=" " ind2=" ">
    <subfield code="a">Sistema circulatorio</subfield>
  </datafield>
  <datafield tag="653" ind1=" " ind2=" ">
    <subfield code="a">Sistema inmunol&#xF3;gico; y tejidos y &#xF3;rganos linfoides</subfield>
  </datafield>
  <datafield tag="653" ind1=" " ind2=" ">
    <subfield code="a">Piel</subfield>
  </datafield>
  <datafield tag="653" ind1=" " ind2=" ">
    <subfield code="a">Sistema digestivo</subfield>
  </datafield>
  <datafield tag="653" ind1=" " ind2=" ">
    <subfield code="a">Sistema respiratorio</subfield>
  </datafield>
  <datafield tag="653" ind1=" " ind2=" ">
    <subfield code="a">Sistema urinario</subfield>
  </datafield>
  <datafield tag="653" ind1=" " ind2=" ">
    <subfield code="a">Sistema endocrino</subfield>
  </datafield>
  <datafield tag="653" ind1=" " ind2=" ">
    <subfield code="a">Sistema genital</subfield>
  </datafield>
  <datafield tag="653" ind1=" " ind2=" ">
    <subfield code="a">Gl&#xE1;ndulas mamarias</subfield>
  </datafield>
  <datafield tag="653" ind1=" " ind2=" ">
    <subfield code="a">Ojo</subfield>
  </datafield>
  <datafield tag="653" ind1=" " ind2=" ">
    <subfield code="a">O&#xED;do</subfield>
  </datafield>
  <datafield tag="700" ind1="1" ind2=" ">
    <subfield code="a">Geneser, Finn</subfield>
    <subfield code="9">106</subfield>
  </datafield>
  <datafield tag="700" ind1="1" ind2=" ">
    <subfield code="a">Br&#xFC;el, Annemarie</subfield>
    <subfield code="9">3744</subfield>
  </datafield>
  <datafield tag="700" ind1="1" ind2=" ">
    <subfield code="a">Christensen, Erik Ilso</subfield>
    <subfield code="9">3745</subfield>
  </datafield>
  <datafield tag="700" ind1="1" ind2=" ">
    <subfield code="a">Tranum-Jensem, Jorgen</subfield>
    <subfield code="9">3746</subfield>
  </datafield>
  <datafield tag="700" ind1="1" ind2=" ">
    <subfield code="a">Qvortrup, Klaus</subfield>
    <subfield code="9">3747</subfield>
  </datafield>
  <datafield tag="942" ind1=" " ind2=" ">
    <subfield code="2">ddc</subfield>
    <subfield code="c">BK</subfield>
  </datafield>
  <datafield tag="999" ind1=" " ind2=" ">
    <subfield code="c">2157</subfield>
    <subfield code="d">2157</subfield>
  </datafield>
  <datafield tag="952" ind1=" " ind2=" ">
    <subfield code="0">0</subfield>
    <subfield code="1">0</subfield>
    <subfield code="2">ddc</subfield>
    <subfield code="4">0</subfield>
    <subfield code="7">0</subfield>
    <subfield code="a">BFM</subfield>
    <subfield code="b">BFM</subfield>
    <subfield code="c">CR</subfield>
    <subfield code="d">2015-04-27</subfield>
    <subfield code="e">Compra PROMED 3er A&#xD1;O, Abril 2015</subfield>
    <subfield code="g">792.00</subfield>
    <subfield code="l">100</subfield>
    <subfield code="m">12</subfield>
    <subfield code="o">611.018 28 GEN</subfield>
    <subfield code="p">3478</subfield>
    <subfield code="r">2026-05-20</subfield>
    <subfield code="s">2026-05-12</subfield>
    <subfield code="t">Ej.24</subfield>
    <subfield code="w">2015-04-27</subfield>
    <subfield code="y">BK</subfield>
    <subfield code="z">Compra PROMED 3er A&#xD1;O, Abril 2015</subfield>
  </datafield>
  <datafield tag="952" ind1=" " ind2=" ">
    <subfield code="0">0</subfield>
    <subfield code="1">0</subfield>
    <subfield code="2">ddc</subfield>
    <subfield code="4">0</subfield>
    <subfield code="7">0</subfield>
    <subfield code="a">BFM</subfield>
    <subfield code="b">BFM</subfield>
    <subfield code="c">CR</subfield>
    <subfield code="d">2015-04-27</subfield>
    <subfield code="e">Compra PROMED 3er A&#xD1;O, Abril 2015</subfield>
    <subfield code="g">792.00</subfield>
    <subfield code="l">118</subfield>
    <subfield code="m">7</subfield>
    <subfield code="o">611.018 28 GEN</subfield>
    <subfield code="p">3479</subfield>
    <subfield code="r">2026-05-06</subfield>
    <subfield code="s">2026-04-28</subfield>
    <subfield code="t">Ej.25</subfield>
    <subfield code="w">2015-04-27</subfield>
    <subfield code="y">BK</subfield>
    <subfield code="z">Compra PROMED 3er A&#xD1;O, Abril 2015</subfield>
  </datafield>
  <datafield tag="952" ind1=" " ind2=" ">
    <subfield code="0">0</subfield>
    <subfield code="1">0</subfield>
    <subfield code="2">ddc</subfield>
    <subfield code="4">0</subfield>
    <subfield code="7">0</subfield>
    <subfield code="a">BFM</subfield>
    <subfield code="b">BFM</subfield>
    <subfield code="c">CR</subfield>
    <subfield code="d">2015-04-27</subfield>
    <subfield code="e">Compra PROMED 3er A&#xD1;O, Abril 2015</subfield>
    <subfield code="g">792.00</subfield>
    <subfield code="l">98</subfield>
    <subfield code="m">6</subfield>
    <subfield code="o">611.018 28 GEN</subfield>
    <subfield code="p">3480</subfield>
    <subfield code="r">2024-04-09</subfield>
    <subfield code="s">2024-04-09</subfield>
    <subfield code="t">Ej.26</subfield>
    <subfield code="w">2015-04-27</subfield>
    <subfield code="y">BK</subfield>
    <subfield code="z">Compra PROMED 3er A&#xD1;O, Abril 2015</subfield>
  </datafield>
</record>
